[Event "CZE-ch U16 Girls"]
[Site "Kouty nad Desnou"]
[Date "2024.03.13"]
[Round "6"]
[White "Vacekova, Anita"]
[Black "Archlebova, Stela"]
[Result "1-0"]
[WhiteElo "1783"]
[BlackElo "1600"]
[PlyCount "55"]
[EventDate "2024.03.09"]
[EventType "swiss"]
[EventRounds "9"]
[EventCountry "CZE"]
[SourceTitle "CB12_2024"]
[SourceDate "2023.10.01"]
[SourceVersion "1"]
[SourceVersionDate "2023.10.01"]
[SourceQuality "1"]

1. e4 e5 2. Nf3 Nc6 3. Bb5 Bc5 4. c3 Nf6 5. d4 exd4 6. e5 Nd5 7. 0-0 0-0 8. cxd4 Bb6 9. Nc3 Nxc3 10. bxc3 d6 11. Bg5 Ne7 12. Bd3 dxe5 13. dxe5 Bg4 14. Qc2 Qd7 15. Bxh7+ Kh8 16. Be4 Rab8 17. c4 Bc5 18. Rab1 b6 19. Rfd1 Qe6 20. Re1 Ng6 21. h3 Bxf3 22. Bxf3 Be7 23. Bd5 Qc8 24. Bxf7 Bxg5 25. Qxg6 Bh6 26. e6 Qb7 27. e7 Qa8 28. Bd5 1-0

[Event "CZE-ch U16 Girls"]
[Site "Teplice"]
[Date "2023.03.11"]
[Round "1"]
[White "Zelbova, Lada"]
[Black "Archlebova, Stela"]
[Result "1-0"]
[WhiteElo "1822"]
[BlackElo "1360"]
[PlyCount "53"]
[EventDate "2023.03.11"]
[EventType "swiss"]
[EventRounds "9"]
[EventCountry "CZE"]
[SourceTitle "CBM 213 Extra"]
[Source "ChessBase"]
[SourceDate "2023.05.31"]
[SourceVersion "1"]
[SourceVersionDate "2023.05.31"]
[SourceQuality "1"]

1. e4 e5 2. Nf3 Nc6 3. Bb5 Bc5 4. 0-0 Qe7 5. c3 Nf6 6. d4 exd4 7. cxd4 Bb6 8. e5 Nd5 9. Bc4 Ndb4 10. d5 Na5 11. Be2 d6 12. Qa4+ Nbc6 13. dxc6 Nxc6 14. Bb5 Bd7 15. exd6 Qxd6 16. Bf4 Qc5 17. Be3 Qf5 18. Bxb6 cxb6 19. Re1+ Kf8 20. Nc3 Qg6 21. Nd5 Rd8 22. Qa3+ Kg8 23. Bxc6 Qc2 24. Ne7+ Kf8 25. Ng6+ Kg8 26. Qf8+ Rxf8 27. Ne7# 1-0

[Event "CZE-ch U14 Girls"]
[Site "Luhacovice"]
[Date "2022.03.16"]
[Round "6"]
[White "Reznickova, Sibyla"]
[Black "Archlebova, Stela"]
[Result "0-1"]
[WhiteElo "1304"]
[BlackElo "1121"]
[PlyCount "62"]
[EventDate "2022.03.12"]
[EventType "swiss"]
[EventRounds "9"]
[EventCountry "CZE"]
[SourceTitle "EXT 2023"]
[Source "ChessBase"]
[SourceDate "2022.10.05"]
[SourceVersion "1"]
[SourceVersionDate "2022.10.05"]
[SourceQuality "1"]

1. d4 d5 2. c4 c6 3. Nc3 Nf6 4. Bf4 Bf5 5. Nf3 e6 6. e3 Bb4 7. Be2 Ne4 8. Qb3 Qb6 9. Rc1 Bxc3+ 10. bxc3 Qxb3 11. axb3 Nd7 12. Ng5 Nxg5 13. Bxg5 f6 14. Bh4 0-0 15. g4 Bg6 16. Bg3 a5 17. h4 a4 18. b4 a3 19. Kd2 a2 20. Ra1 Ra3 21. b5 Rfa8 22. Bd1 Nb6 23. bxc6 Nxc4+ 24. Ke2 bxc6 25. h5 Bb1 26. f3 Rxc3 27. Kf2 Nxe3 28. Be2 Rb3 29. Rc1 Nc2 30. Bd1 Nxa1 31. Bxb3 Nxb3 0-1

[Event "CZE-ch U10 Girls"]
[Site "Kouty nad Desnou"]
[Date "2017.03.16"]
[Round "7"]
[White "Archlebova, Stela"]
[Black "Svehlova, Alena"]
[Result "1-0"]
[WhiteElo "1078"]
[BlackElo "1000"]
[PlyCount "153"]
[EventDate "2017.03.11"]
[EventType "swiss"]
[EventRounds "9"]
[EventCountry "CZE"]
[SourceTitle "CBM 177 Extra"]
[Source "ChessBase"]
[SourceDate "2017.04.27"]
[SourceVersion "1"]
[SourceVersionDate "2017.04.27"]
[SourceQuality "1"]

1. e4 e5 2. Bc4 Nf6 3. Nf3 Nc6 4. Ng5 Qe7 5. 0-0 d6 6. Nc3 Bg4 7. Nf3 Qd7 8. h3 Bh5 9. d3 0-0-0 10. Bg5 Re8 11. Nd5 Bxf3 12. Qxf3 Be7 13. Nxf6 gxf6 14. Bxf6 Bxf6 15. Qxf6 Nd4 16. Bxf7 Ne2+ 17. Kh1 Qd8 18. Qxd8+ Rxd8 19. Bh5 Nf4 20. Bg4+ Kb8 21. g3 Ng6 22. Bf5 Ne7 23. Be6 Ng8 24. Bxg8 Rhxg8 25. Rfe1 Rdf8 26. Kg2 Rf6 27. Re3 Rgf8 28. Rae1 Rxf2+ 29. Kg1 h6 30. R3e2 R2f3 31. Kg2 h5 32. g4 h4 33. g5 Rg3+ 34. Kh2 Rff3 35. Rg2 Rxh3+ 36. Kg1 Rhg3 37. Rxg3 Rxg3+ 38. Kh2 Rxg5 39. Rf1 Kc8 40. Rf8+ Kd7 41. Rf7+ Ke6 42. Rh7 Rg4 43. Kh3 Rf4 44. Rxh4 Rf3+ 45. Kg2 Rf6 46. Rh7 Rg6+ 47. Kf2 Kf6 48. Rxc7 Kg5 49. Rxb7 Kf4 50. Rf7+ Kg4 51. Ke2 Rg8 52. Rxa7 Rg6 53. Kd2 Kf3 54. Kc3 Rg8 55. a4 Ke3 56. Rc7 Rb8 57. a5 Ra8 58. b4 Ke2 59. d4 exd4+ 60. Kxd4 Kf3 61. Rc3+ Kf4 62. Kd5 Rd8 63. b5 Ra8 64. a6 Rb8 65. a7 Rd8 66. b6 Ra8 67. b7 Rxa7 68. b8Q Ra5+ 69. Kxd6 Kxe4 70. Qb4+ Kf5 71. Qxa5+ Ke4 72. Rc4+ Ke3 73. Qa3+ Kd2 74. Rd4+ Kxc2 75. Qh3 Kc1 76. Qh2 Kb1 77. Rd1# 1-0